| 000 | 00517nam a2200181Ia 4500 | ||
|---|---|---|---|
| 003 | OSt | ||
| 005 | 20210105112815.0 | ||
| 008 | 190216s9999||||xx |||||||||||||| ||und|| | ||
| 020 | _a9788126403929 | ||
| 040 | _coclc | ||
| 082 |
_a894.8122 _bNAI/N |
||
| 100 |
_aNair, C N Sreekantan _98112 |
||
| 245 | 0 |
_aNadakathrayam / _cC N Sreekantan Nair |
|
| 260 |
_bDc Books, _c2010. _aKottayam: |
||
| 300 | _a186p | ||
| 650 | _aMalayalam Nadakam | ||
| 942 |
_cBK _2ddc _h894.8122 _iNAI/N _k894.8122 _mNAI/N |
||
| 999 |
_c29623 _d29623 |
||